| 000 | 00602nam a2200157Ia 4500 | ||
|---|---|---|---|
| 008 | 151213s9999 xx 000 0 und d | ||
| 020 | _a984-8005-14-I | ||
| 100 | _aড. আব্দুল মতিন মাসুম। | ||
| 245 |
_aসমকালীন রাজনীতির ভাষা। _cড. আব্দুল মতিন মাসুম। |
||
| 260 |
_aঢাকা _bআফসার ব্রাদার্স। _c1998 |
||
| 300 | _a8472 p. | ||
| 650 | _aBangla | ||
| 650 | _aBengali Literature | ||
| 700 | _aড. আব্দুল মতিন মাসুম। | ||
| 999 |
_c4310 _d4310 |
||